| 000 | 01017nam a2200289 i 4500 | ||
|---|---|---|---|
| 003 | DO-SdBNP | ||
| 005 | 20260305074000.0 | ||
| 006 | a||||gr|||| 00| 0 | ||
| 007 | ta | ||
| 008 | 230802e2020 dr ahoc| |||| 00| e spa d | ||
| 020 | _a9789945086096 | ||
| 040 |
_aDO-SdBNP _bspa _cBNPHU _erda |
||
| 082 | 4 |
_222 _bP349G |
|
| 100 | 1 |
_aGerón, Candido, _d1948- _eautor _93577 |
|
| 245 |
_aPeña Gómez: _buna vida dedicada a la democracia. / _cCándido Gerón |
||
| 264 | 1 |
_aSanto Domingo : _bCorripio, _c2020 |
|
| 300 |
_a385 páginas : _bIlustraciones, facsímil, fotografías, retratos ; _c27 cm. |
||
| 336 |
_2rdacontent _atexto _btxt |
||
| 337 |
_2rda media _asin mediación _bn |
||
| 338 |
_2rdacarrier _avolumen _bnc |
||
| 500 | _aIncluye datos biográficos del autor en la solapa de la contracubierta. | ||
| 500 | _aIncluye bibliografía y notas al pie de páginas. | ||
| 500 | _aIncluye índice onomástico | ||
| 504 | _aBibliografía: páginas 377 - 378 | ||
| 590 | _aInventariado 2023 / MF | ||
| 942 |
_2ddc _cLBS1 |
||
| 999 |
_c54307 _d54307 |
||